[Event "Norway Chess"][Site "Stavanger"]
[Date "08.06.2017"]
[Round "3"]
[White "Aronian, Levon"]
[Black "Giri, Anish"]
[Result "1/2-1/2"]
[WhiteTitle "GM"]
[BlackTitle "GM"]
[WhiteElo "2793"]
[BlackElo "2771"]
[WhiteFideId "13300474"]
[BlackFideId "24116068"]
[EventDate "2017.06.06"]

1. d4 Nf6 2. c4 e6 3. Nf3 d5 4. Nc3 Bb4 5. Qa4+ Nc6 6. e3 O-O 7. Qc2 Re8 8. Bd2
a6 9. h3 Bd6 10. a3 Bd7 11. Be2 dxc4 12. Bxc4 h6 13. O-O e5 14. Rae1 Qe7 15. Nh4
Qd8 16. Qb3 Rf8 17. Qd1 b5 18. Ba2 Kh8 19. Bc1 g5 20. dxe5 Nxe5 21. f4 gxh4 22.
fxe5 Bxe5 23. e4 Rg8 24. Bxf7 Rg7 25. Bf4 Bxf4 26. Rxf4 Bxh3 27. Kh2 Bd7 28. Be6
Ng4+ 29. Rxg4 Bxe6 30. Qxd8+ Rxd8 31. Rxh4 Kh7 32. Re2 Rd4 33. Rf2 Rf7 34. Rxf7+
Bxf7 35. Rf4 Kg7 36. Rf5 Rc4 37. Kg3 c5 38. Kf3 b4 39. axb4 cxb4 40. Nd5 b3 41.
Ne3 Rd4 42. Ra5 Bg6 43. Nf5+ Bxf5 44. exf5 Rd2 45. Rxa6 Rxb2 46. Rg6+ Kh7 47.
Rb6 Rb1 48. Rb7+ Kg8 49. g3 b2 50. Kg2 Kf8 51. Kh2 Kg8 52. Kg2 Kf8 53. Kh2 Kg8 1/2-1/2

[Event "Norway Chess"][Site "Stavanger"]
[Date "10.06.2017"]
[Round "4"]
[White "Caruana, Fabiano"]
[Black "Kramnik, Vladimir"]
[Result "1/2-1/2"]
[WhiteTitle "GM"]
[BlackTitle "GM"]
[WhiteElo "2808"]
[BlackElo "2808"]
[WhiteFideId "2020009"]
[BlackFideId "4101588"]
[EventDate "2017.06.06"]

1. e4 e5 2. Nf3 Nc6 3. Bb5 Nf6 4. d3 Bc5 5. c3 d5 6. exd5 Qxd5 7. Bc4 Qd6 8. Qe2
O-O 9. Bg5 Be6 10. Nbd2 Bxc4 11. Nxc4 Qe6 12. Bxf6 gxf6 13. Nfd2 b5 14. Ne3 f5
15. a4 f4 16. Qg4+ Qg6 17. Qxg6+ hxg6 18. Nd5 Rad8 19. Nf6+ Kg7 20. Nfe4 Bb6 21.
axb5 Ne7 22. Ke2 Nd5 23. g3 f5 24. Ng5 Rfe8 25. Nc4 e4 26. d4 f3+ 27. Kd2 Nf6
28. Ne3 Rd7 29. h4 Kh6 30. Rhd1 Nd5 31. Ra4 Kh5 32. Nh3 Nxe3 33. Kxe3 Kg4 34.
Nf4 Rd6 35. Rc4 Re5 36. Rb4 Re8 37. Ra1 Re5 38. Ra6 Re8 39. Raa4 Rh8 40. Ra1 Re8
41. Ra3 Rh8 42. Rba4 a5 43. Ra1 c5 44. bxc6 Rxc6 45. Rxa5 Bxa5 46. Rxa5 g5 47.
hxg5 Rh1 48. d5 Rc8 49. g6 Re1+ 50. Kd2 Rf1 51. Ke3 Re1+ 52. Kd2 Rf1 53. Ke3 1/2-1/2

[Event "Norway Chess"][Site "Stavanger"]
[Date "10.06.2017"]
[Round "4"]
[White "Aronian, Levon"]
[Black "Carlsen, Magnus"]
[Result "1-0"]
[WhiteTitle "GM"]
[BlackTitle "GM"]
[WhiteElo "2793"]
[BlackElo "2832"]
[WhiteFideId "13300474"]
[BlackFideId "1503014"]
[EventDate "2017.06.06"]

1. d4 d5 2. c4 c6 3. Nf3 Nf6 4. Nc3 e6 5. e3 a6 6. b3 Bb4 7. Bd2 Nbd7 8. Bd3 O-O
9. O-O Qe7 10. Bc2 Rd8 11. a3 Bxa3 12. Rxa3 Qxa3 13. c5 b6 14. b4 Ne4 15. Nxe4
dxe4 16. Bxe4 Rb8 17. Bxh7+ Kxh7 18. Ng5+ Kg8 19. Qh5 Nf6 20. Qxf7+ Kh8 21. Qc7
Bd7 22. Nf7+ Kh7 23. Nxd8 Rc8 24. Qxb6 Nd5 25. Qa7 Rxd8 26. e4 Qd3 27. exd5 Qxd2
28. Qc7 Qg5 29. dxc6 Bc8 30. h3 Qd5 31. Rd1 e5 32. Rd3 exd4 33. Qe7 Bf5 34. Rg3
Bg6 35. Qh4+ 1-0

[Event "Norway Chess"][Site "Stavanger"]
[Date "10.06.2017"]
[Round "4"]
[White "Giri, Anish"]
[Black "Anand, Viswanathan"]
[Result "1-0"]
[WhiteTitle "GM"]
[BlackTitle "GM"]
[WhiteElo "2771"]
[BlackElo "2786"]
[WhiteFideId "24116068"]
[BlackFideId "5000017"]
[EventDate "2017.06.06"]

1. c4 e5 2. Nc3 Bb4 3. Nd5 Bc5 4. e3 Nf6 5. b4 Nxd5 6. bxc5 Nf6 7. Nf3 Nc6 8.
Be2 O-O 9. Bb2 d6 10. cxd6 cxd6 11. O-O Re8 12. a4 b6 13. d3 Bg4 14. h3 Bh5 15.
g4 Bg6 16. Nh4 Rc8 17. Nxg6 hxg6 18. Bf3 g5 19. Bg2 Nd7 20. f4 gxf4 21. exf4 Nc5
22. fxe5 dxe5 23. Bd5 Rf8 24. Qf3 Qd7 25. Bc3 Ne6 26. Rae1 Ne7 27. Rxe5 Nxd5 28.
Rxd5 Qxa4 29. g5 Rc5 30. h4 Rxd5 31. cxd5 Nc5 32. g6 Qd7 33. Bb4 1-0

[Event "Norway Chess"][Site "Stavanger"]
[Date "10.06.2017"]
[Round "4"]
[White "So, Wesley"]
[Black "Karjakin, Sergey"]
[Result "1/2-1/2"]
[WhiteTitle "GM"]
[BlackTitle "GM"]
[WhiteElo "2812"]
[BlackElo "2781"]
[WhiteFideId "5202213"]
[BlackFideId "14109603"]
[EventDate "2017.06.06"]

1. e4 e5 2. Nf3 Nc6 3. Bc4 Bc5 4. O-O Nf6 5. d3 O-O 6. a4 a6 7. c3 d6 8. Re1 Ba7
9. h3 Ne7 10. d4 Ng6 11. Nbd2 c6 12. Bf1 Re8 13. dxe5 dxe5 14. Qc2 b5 15. b4 Be6
16. Nb3 Qe7 17. Bd2 h6 18. c4 Rac8 19. c5 Bb8 20. axb5 axb5 21. Ra6 Red8 22. Na5
Qe8 23. Bc3 Nh7 24. g3 Nhf8 25. Rb6 Kh7 26. Rxb8 Rxb8 27. Nxe5 Nxe5 28. Bxe5 Ra8
29. Bd6 Ra6 30. f4 Rda8 31. f5 Bc4 32. Bxc4 bxc4 33. e5 Nd7 34. Qxc4 Nf6 35. e6
Nd5 36. Qe4 f6 37. e7 Nxb4 38. Qxb4 Rxa5 39. Qg4 Kg8 40. Qg6 Ra2 41. g4 Rc2 42.
Kf1 Rb2 43. h4 Rb4 44. h5 Rb2 45. Bc7 Rd2 46. Bf4 Rd4 47. Bd6 Rb4 48. Re2 Rb1+
49. Kf2 Rb3 50. Bc7 Rd3 51. Bf4 Rd4 52. Bd6 Rb4 53. Kg3 Rb3+ 54. Kh4 Rba3 55.
Re6 R3a7 56. Re3 Ra4 57. Kg3 Rb4 58. Bc7 Rd4 59. Bf4 Rd7 60. Bd6 Rb7 61. g5 hxg5
62. h6 Qxg6 63. fxg6 Re8 64. h7+ Kh8 65. Kg4 f5+ 66. Kxg5 Rb1 67. Ra3 Rg1+ 68.
Kxf5 Re1 69. Ra2 R8xe7 70. Bxe7 Re5+ 71. Kxe5 1/2-1/2

[Event "Norway Chess"][Site "Stavanger"]
[Date "11.06.2017"]
[Round "5"]
[White "Karjakin, Sergey"]
[Black "Caruana, Fabiano"]
[Result "1/2-1/2"]
[WhiteTitle "GM"]
[BlackTitle "GM"]
[WhiteElo "2781"]
[BlackElo "2808"]
[WhiteFideId "14109603"]
[BlackFideId "2020009"]
[EventDate "2017.06.06"]

1. e4 e5 2. Nf3 Nf6 3. Nxe5 d6 4. Nf3 Nxe4 5. d4 d5 6. Bd3 Bd6 7. O-O O-O 8. c4
c6 9. Re1 Bf5 10. Qb3 Qd7 11. Nc3 Nxc3 12. Bxf5 Qxf5 13. Qxb7 Ne4 14. Qxa8 Qd7
15. cxd5 Nf6 16. Re3 Nxd5 17. Rb3 Nb4 18. Rxb4 Bxb4 19. Be3 Bd6 20. d5 c5 21. b4
cxb4 22. Rc1 Rd8 23. Qxa7 Qxa7 24. Bxa7 Nd7 25. Bd4 Ra8 26. Kf1 Ra5 27. Rc8+ Bf8
28. d6 Rd5 29. Ne5 Nxe5 30. Bxe5 f6 31. Bg3 Kf7 32. Rb8 Bxd6 33. Bxd6 Rxd6 34.
Rxb4 Rd2 35. a4 Ra2 36. h4 h5 37. g3 Kg6 38. Rf4 Kf7 39. Ke1 Ke6 40. Rb4 Kf5 41.
Kd1 Ke5 42. Ke1 Kf5 43. Kf1 Kg6 44. Rc4 Kh6 45. Rf4 Kg6 46. Ke1 Kf7 47. Kf1 Kg6
48. Kg2 Ra3 49. Kh3 Ra2 50. g4 Ra3+ 51. f3 hxg4+ 52. Kxg4 Ra1 53. Rc4 Ra2 54.
h5+ Kh6 55. f4 Rg2+ 56. Kf5 Rh2 57. Ke6 Rxh5 58. f5 Rh1 59. Rc5 Kg5 60. Kf7 Rh7
61. a5 g6+ 62. Ke6 Rh1 63. a6 Ra1 64. fxg6+ Kxg6 65. Rc6 f5 66. Kd6 Kg5 67. Kc7
f4 68. Kb7 f3 69. Rc2 Kf4 70. a7 Kg3 71. a8=Q Rxa8 72. Kxa8 f2 73. Rxf2 Kxf2 1/2-1/2

[Event "Norway Chess"][Site "Stavanger"]
[Date "11.06.2017"]
[Round "5"]
[White "Anand, Viswanathan"]
[Black "So, Wesley"]
[Result "1/2-1/2"]
[WhiteTitle "GM"]
[BlackTitle "GM"]
[WhiteElo "2786"]
[BlackElo "2812"]
[WhiteFideId "5000017"]
[BlackFideId "5202213"]
[EventDate "2017.06.06"]

1. e4 e5 2. Nf3 Nc6 3. Bc4 Bc5 4. O-O Nf6 5. d3 O-O 6. a4 a6 7. c3 d5 8. exd5
Nxd5 9. Re1 Bg4 10. h3 Bh5 11. Nbd2 Nb6 12. Ba2 Qxd3 13. a5 Bxf3 14. Nxf3 Qxd1
15. Rxd1 Nc8 16. b4 Ba7 17. Re1 Nd6 18. Nxe5 Nxe5 19. Rxe5 Rfe8 20. Rxe8+ Rxe8
21. Kf1 Ne4 22. Bd5 c6 23. Bxe4 Rxe4 24. Bd2 Kf8 25. Re1 Rxe1+ 26. Bxe1 Ke7 27.
Ke2 c5 28. Kd3 cxb4 29. cxb4 Kd6 30. Kc4 b5+ 31. axb6 Bxb6 32. b5 axb5+ 33. Kxb5 1/2-1/2

[Event "Norway Chess"][Site "Stavanger"]
[Date "11.06.2017"]
[Round "5"]
[White "Carlsen, Magnus"]
[Black "Giri, Anish"]
[Result "1/2-1/2"]
[WhiteTitle "GM"]
[BlackTitle "GM"]
[WhiteElo "2832"]
[BlackElo "2771"]
[WhiteFideId "1503014"]
[BlackFideId "24116068"]
[EventDate "2017.06.06"]

1. e4 e5 2. Nf3 Nc6 3. Bc4 Bc5 4. O-O Nf6 5. d3 O-O 6. h3 d6 7. c3 a6 8. a4 Ba7
9. Re1 h6 10. Nbd2 Be6 11. b4 Nh5 12. Nf1 Qf6 13. Ne3 Bxc4 14. Nxc4 Nf4 15. Be3
Bxe3 16. fxe3 Ng6 17. b5 axb5 18. axb5 Nce7 19. Qb3 d5 20. Rxa8 Rxa8 21. Ncd2 c6
22. d4 Qd6 23. Qb2 dxe4 24. Nxe4 Qd5 25. Ned2 cxb5 26. e4 Qc6 27. Kh1 Rc8 28. d5
Qxc3 29. Qxb5 Qc7 30. Rb1 f5 31. Qb4 fxe4 32. d6 Nd5 33. dxc7 Nxb4 34. Rxb4 exf3
35. Rxb7 f2 36. g3 Kh7 37. Kg2 Ne7 38. Kxf2 Nd5 39. Nc4 Rxc7 40. Rxc7 Nxc7 41.
Nxe5 1/2-1/2

[Event "Norway Chess"][Site "Stavanger"]
[Date "11.06.2017"]
[Round "5"]
[White "Vachier-Lagrave, Maxime"]
[Black "Aronian, Levon"]
[Result "1/2-1/2"]
[WhiteTitle "GM"]
[BlackTitle "GM"]
[WhiteElo "2796"]
[BlackElo "2793"]
[WhiteFideId "623539"]
[BlackFideId "13300474"]
[EventDate "2017.06.06"]

1. e4 e5 2. Nf3 Nc6 3. Bb5 a6 4. Ba4 Nf6 5. O-O Be7 6. Re1 b5 7. Bb3 O-O 8. c3
d5 9. exd5 Nxd5 10. Nxe5 Nxe5 11. Rxe5 c6 12. d3 Bd6 13. Re1 Bf5 14. Qf3 Qh4 15.
g3 Qh3 16. Be3 Bxd3 17. Nd2 Qf5 18. Bd4 Rfe8 19. a4 h6 20. h4 Rxe1+ 21. Rxe1
Qxf3 22. Nxf3 Bg6 23. Be5 Bc5 24. Nd4 Nb6 25. Nxc6 bxa4 26. Ba2 Re8 27. Ra1 Be4
28. Bd4 Bxc6 29. Bxc5 Nd7 30. Bd4 Ne5 31. Bxe5 Rxe5 32. Bc4 Bb5 33. Bf1 Kf8 34.
f3 Re8 35. Bxb5 axb5 36. c4 bxc4 37. Rxa4 Rb8 38. Rxc4 Rxb2 1/2-1/2

[Event "Norway Chess"][Site "Stavanger"]
[Date "12.06.2017"]
[Round "6"]
[White "Carlsen, Magnus"]
[Black "Vachier-Lagrave, Maxime"]
[Result "1/2-1/2"]
[WhiteTitle "GM"]
[BlackTitle "GM"]
[WhiteElo "2832"]
[BlackElo "2796"]
[WhiteFideId "1503014"]
[BlackFideId "623539"]
[EventDate "2017.06.06"]

1. d4 Nf6 2. Bf4 g6 3. Nf3 Bg7 4. e3 O-O 5. Be2 d6 6. h3 c5 7. O-O Qb6 8. Nbd2
cxd4 9. Nc4 Qc7 10. exd4 Nd5 11. Bg3 b5 12. Ncd2 a6 13. c3 Nc6 14. a4 Rb8 15.
axb5 axb5 16. Re1 Na5 17. Qb1 Nc4 18. Qa2 Ndb6 19. b3 Nxd2 20. Qxd2 Be6 21. Bxb5
Bxb3 22. Qe2 Bd5 23. Ra3 Bf6 24. Nd2 Rfc8 25. Rea1 Ra8 26. Ba6 Nc4 27. Bxc4 Rxa3
28. Rxa3 Bxc4 29. Qxc4 Qxc4 30. Nxc4 Rxc4 31. Kf1 e5 32. Ra6 exd4 33. cxd4 Rxd4
34. Rxd6 Rxd6 35. Bxd6 h5 36. g4 hxg4 37. hxg4 Bd8 38. Ke2 f5 39. Kf3 fxg4+ 40.
Kxg4 Kf7 41. f4 Be7 42. Bxe7 Kxe7 43. f5 gxf5+ 44. Kxf5 1/2-1/2

[Event "Norway Chess"][Site "Stavanger"]
[Date "12.06.2017"]
[Round "6"]
[White "Aronian, Levon"]
[Black "Kramnik, Vladimir"]
[Result "1-0"]
[WhiteTitle "GM"]
[BlackTitle "GM"]
[WhiteElo "2793"]
[BlackElo "2808"]
[WhiteFideId "13300474"]
[BlackFideId "4101588"]
[EventDate "2017.06.06"]

1. d4 d5 2. c4 e6 3. Nf3 Nf6 4. Nc3 c5 5. cxd5 Nxd5 6. e4 Nxc3 7. bxc3 cxd4 8.
cxd4 Bb4+ 9. Bd2 Bxd2+ 10. Qxd2 O-O 11. Bc4 Nd7 12. O-O b6 13. Rac1 Bb7 14. d5
Nc5 15. Rfe1 Qf6 16. Qe3 Rac8 17. e5 Qg6 18. d6 f6 19. Nh4 Qg4 20. g3 fxe5 21.
Qxe5 Rcd8 22. f4 Rf6 23. Rc3 Rh6 24. Be2 Qh3 25. Qg5 Qxh4 26. gxh4 Rg6 27. Rd1
Bd5 28. f5 Rxg5+ 29. hxg5 Kf8 30. fxe6 Bxe6 31. Bc4 Bf5 32. Re3 g6 33. Re7 Rd7
34. Rde1 1-0

[Event "Norway Chess"][Site "Stavanger"]
[Date "12.06.2017"]
[Round "6"]
[White "Giri, Anish"]
[Black "So, Wesley"]
[Result "1/2-1/2"]
[WhiteTitle "GM"]
[BlackTitle "GM"]
[WhiteElo "2771"]
[BlackElo "2812"]
[WhiteFideId "24116068"]
[BlackFideId "5202213"]
[EventDate "2017.06.06"]

1. c4 c5 2. Nc3 g6 3. g3 Nc6 4. Bg2 Bg7 5. Nf3 e6 6. h4 Nf6 7. d4 cxd4 8. Nxd4
O-O 9. O-O d5 10. cxd5 Nxd5 11. Nxc6 bxc6 12. Bd2 Nxc3 13. Bxc3 Bxc3 14. bxc3
Ba6 15. Qc2 Qa5 16. Rfd1 Qc5 17. Rd7 Rad8 18. Rad1 Rxd7 19. Rxd7 Bc4 20. Qd2 a5
21. Bf3 Qa3 22. h5 Qxa2 23. Qd4 c5 24. Qe3 a4 25. Kg2 Qb1 26. h6 Qf5 27. g4 Qf6
28. Qxc5 Bd5 29. e4 Ba8 30. Ra7 e5 31. Rxa4 Qf4 32. Qe3 Qxe3 33. fxe3 Rc8 34.
Ra5 Kf8 35. Kg3 Bc6 36. c4 Bd7 37. Be2 Be6 38. Rxe5 Bxc4 39. Bxc4 Rxc4 40. Kf4
Rc6 41. g5 Rc1 42. Ra5 Ke7 43. Ke5 Rc7 44. Rb5 Ra7 45. Rc5 Rb7 46. Ra5 Rc7 47.
Ra8 Rc5+ 48. Kf4 Rc1 49. Ra7+ Ke6 50. Ra6+ Ke7 51. e5 Rf1+ 52. Ke4 Rg1 53. Ra8
Rxg5 54. Ra7+ Ke6 55. Ra6+ Ke7 56. Kd5 Rh5 57. Ra7+ Kf8 58. Ra8+ Ke7 59. Ra7+
Kf8 1/2-1/2

[Event "Norway Chess"][Site "Stavanger"]
[Date "12.06.2017"]
[Round "6"]
[White "Caruana, Fabiano"]
[Black "Anand, Viswanathan"]
[Result "0-1"]
[WhiteTitle "GM"]
[BlackTitle "GM"]
[WhiteElo "2808"]
[BlackElo "2786"]
[WhiteFideId "2020009"]
[BlackFideId "5000017"]
[EventDate "2017.06.06"]

1. c4 e5 2. Nc3 Bb4 3. Nd5 Bc5 4. Nf3 c6 5. Nc3 d6 6. e3 Bb4 7. d4 Nd7 8. Qc2
Ngf6 9. a3 Bxc3+ 10. Qxc3 O-O 11. Be2 Re8 12. b4 e4 13. Nd2 d5 14. a4 dxc4 15.
Nxc4 Nb6 16. Na5 Nbd5 17. Qd2 Qc7 18. h3 Re6 19. Ba3 a6 20. Nb3 Ne8 21. Nc5 Rg6
22. g3 Nd6 23. a5 Bf5 24. Qc2 Re8 25. O-O-O Qc8 26. g4 Bd7 27. Kb1 f5 28. gxf5
Rf6 29. Rdg1 Bxf5 30. h4 Ref8 31. Rh2 Kh8 32. Qd2 Rg6 33. Rxg6 hxg6 34. h5 g5
35. h6 g6 36. Bb2 Bg4 37. Bf1 Kh7 38. Ka1 Bf3 39. Rh3 g4 40. Rg3 Rf5 41. Na4 Qf8
42. Nb6 Qxh6 43. Nxd5 cxd5 44. Qc1 Qh1 45. Qc7+ Rf7 46. Qxd6 Qxf1+ 47. Ka2 Be2 0-1

[Event "Norway Chess"][Site "Stavanger"]
[Date "14.06.2017"]
[Round "7"]
[White "Vachier-Lagrave, Maxime"]
[Black "Giri, Anish"]
[Result "0-1"]
[WhiteTitle "GM"]
[BlackTitle "GM"]
[WhiteElo "2796"]
[BlackElo "2771"]
[WhiteFideId "623539"]
[BlackFideId "24116068"]
[EventDate "2017.06.06"]

1. e4 c5 2. Nf3 Nc6 3. Nc3 g6 4. d4 cxd4 5. Nxd4 Bg7 6. Be3 Nf6 7. Bc4 O-O 8.
Bb3 d6 9. f3 Bd7 10. Qd2 Nxd4 11. Bxd4 b5 12. a4 b4 13. Nd5 Nxd5 14. Bxg7 Kxg7
15. exd5 Qb6 16. h4 h5 17. O-O-O Qa5 18. g4 Bxa4 19. Kb1 Bxb3 20. cxb3 Rh8 21.
Rc1 Rae8 22. Rc6 Qb5 23. Rc7 a5 24. g5 a4 25. Qd4+ Kh7 26. bxa4 Qxa4 27. Re1
Rhf8 28. Ra7 Qb5 29. f4 Kg8 30. f5 gxf5 31. Kc2 b3+ 32. Kd1 Rc8 33. g6 Rc5 0-1

[Event "Norway Chess"][Site "Stavanger"]
[Date "14.06.2017"]
[Round "7"]
[White "Kramnik, Vladimir"]
[Black "Carlsen, Magnus"]
[Result "1-0"]
[WhiteTitle "GM"]
[BlackTitle "GM"]
[WhiteElo "2808"]
[BlackElo "2832"]
[WhiteFideId "4101588"]
[BlackFideId "1503014"]
[EventDate "2017.06.06"]

1. e4 e5 2. Nf3 Nc6 3. Bc4 Bc5 4. c3 Nf6 5. d3 d6 6. O-O a6 7. Re1 Ba7 8. a4 O-O
9. h3 Ne7 10. d4 Ng6 11. Nbd2 c6 12. Bd3 Re8 13. Bc2 h6 14. Nf1 exd4 15. cxd4 c5
16. d5 b5 17. axb5 axb5 18. Ng3 Bd7 19. Be3 Bb6 20. Rxa8 Qxa8 21. b4 Qa7 22. Qa1
Qc7 23. Bxh6 cxb4 24. Bxg7 Qxc2 25. Qxf6 Qxf2+ 26. Kh2 Bd8 27. Qxd6 Nh4 28. Nxh4
Bxh4 29. Nh5 Bxh3 30. Rg1 Bg5 31. Bf6 Bg4 32. Bxg5 Bxh5 33. Qh6 Rxe4 34. Qxh5
Qf5 35. Qh6 b3 36. Bf6 Qf4+ 37. Qxf4 Rxf4 38. d6 Rxf6 39. Rd1 Rh6+ 40. Kg1 1-0

[Event "Norway Chess"][Site "Stavanger"]
[Date "14.06.2017"]
[Round "7"]
[White "So, Wesley"]
[Black "Caruana, Fabiano"]
[Result "1/2-1/2"]
[WhiteTitle "GM"]
[BlackTitle "GM"]
[WhiteElo "2812"]
[BlackElo "2808"]
[WhiteFideId "5202213"]
[BlackFideId "2020009"]
[EventDate "2017.06.06"]

1. d4 d5 2. c4 dxc4 3. e3 Nf6 4. Bxc4 e6 5. Nf3 c5 6. O-O a6 7. dxc5 Bxc5 8.
Qxd8+ Kxd8 9. Be2 Ke7 10. Ne5 Nbd7 11. Nd3 Bd6 12. Nd2 b5 13. Nb3 Bb7 14. Na5
Bd5 15. Bd2 Rhc8 16. Rfc1 Ne5 17. Nb4 Nc4 18. Nxc4 bxc4 19. Nxd5+ exd5 20. Bc3
Rab8 21. Rc2 Bb4 22. Be5 Bd6 23. Bd4 Bc5 24. Bxf6+ Kxf6 25. Rd1 Rd8 26. Rcd2 Be7
27. Bf3 d4 28. exd4 Rb4 29. Rc2 Rdb8 30. Rdd2 Kg6 31. a3 R4b6 32. g3 Bg5 33. Re2
Bf6 34. Be4+ Kh6 35. Red2 Re8 36. Bd5 Rxb2 37. Bxf7 c3 38. Rxb2 Rd8 39. Rdc2
cxb2 40. Rxb2 Bxd4 41. Rb4 g6 42. Ra4 Rd6 43. Kf1 Bb2 44. Ra5 Rc6 45. a4 Kg7 46.
Bd5 Rc1+ 47. Kg2 Rc2 48. Be4 Rd2 49. Rxa6 Bd4 50. Rd6 Rxf2+ 51. Kh3 Be3 52. a5
Ra2 53. a6 Bg1 54. Kg4 Ra3 55. Rd1 Bc5 56. Rd7+ Kf6 57. Bd3 Bg1 58. h3 Ke6 59.
Bb5 h5+ 60. Kf4 h4 61. gxh4 Rxa6 62. Rg7 Kf6 63. Rxg6+ Kxg6 64. h5+ Kxh5 65.
Be2+ Kh4 66. Bxa6 Kxh3 1/2-1/2

[Event "Norway Chess"][Site "Stavanger"]
[Date "14.06.2017"]
[Round "7"]
[White "Karjakin, Sergey"]
[Black "Aronian, Levon"]
[Result "0-1"]
[WhiteTitle "GM"]
[BlackTitle "GM"]
[WhiteElo "2781"]
[BlackElo "2793"]
[WhiteFideId "14109603"]
[BlackFideId "13300474"]
[EventDate "2017.06.06"]

1. e4 e5 2. Nf3 Nc6 3. Bc4 Bc5 4. O-O Nf6 5. d3 O-O 6. a4 a5 7. Bg5 h6 8. Bh4
Be7 9. Bg3 d6 10. h3 Kh8 11. c3 Nh7 12. Qb3 f5 13. exf5 Bf6 14. Be6 Ne7 15. Nh4
Qe8 16. Bxc8 Rxc8 17. Ng6+ Nxg6 18. fxg6 Qxg6 19. Qxb7 Ng5 20. h4 Ne6 21. Qe4
Qh5 22. Nd2 Nf4 23. Bxf4 exf4 24. Qf3 Qxh4 25. Rfe1 Rb8 26. Nc4 g5 27. Re6 Bg7
28. Rg6 Rbe8 29. d4 Kh7 30. Qd3 Kg8 31. d5 f3 32. gxf3 Rf4 33. Kg2 Ref8 34. Nd2
g4 35. Kg1 R8f5 36. Ne4 Rxf3 37. Qd4 Re5 38. Ng3 Rxg3+ 39. fxg3 Qxg3+ 40. Kf1
Kh7 41. Rxg7+ Kxg7 0-1

[Event "Norway Chess"][Site "Stavanger"]
[Date "15.06.2017"]
[Round "8"]
[White "Carlsen, Magnus"]
[Black "Karjakin, Sergey"]
[Result "1-0"]
[WhiteTitle "GM"]
[BlackTitle "GM"]
[WhiteElo "2832"]
[BlackElo "2781"]
[WhiteFideId "1503014"]
[BlackFideId "14109603"]
[EventDate "2017.06.06"]

1. d4 Nf6 2. c4 e6 3. Nc3 Bb4 4. e3 O-O 5. Bd3 d5 6. cxd5 exd5 7. Ne2 Re8 8. Bd2
Bf8 9. O-O b6 10. Rc1 c5 11. Nf4 Bb7 12. Qf3 Na6 13. Rfd1 cxd4 14. exd4 Nc7 15.
Bc2 Bd6 16. Be3 Ne4 17. Ba4 Re7 18. Bb3 Qd7 19. h3 Nxc3 20. bxc3 Bc6 21. Nh5 Re6
22. Bc2 Ba4 23. c4 dxc4 24. d5 Rg6 25. Bd4 Bxc2 26. Rxc2 Qa4 27. Rcc1 Qxa2 28.
Nxg7 Rxg7 29. Bxg7 Kxg7 30. Qg4+ Kf8 31. Qh4 Qb2 32. Rxc4 Ne8 33. Re1 Qf6 34.
Qxh7 Qg7 35. Qc2 Qf6 36. Rg4 Bc5 37. Re2 Qh6 38. g3 Nf6 39. Rh4 Qg7 40. Kg2 Qg5
41. Qc3 Bd6 42. Rh8+ Ng8 43. Re4 Qg7 44. Rxg8+ 1-0

[Event "Norway Chess"][Site "Stavanger"]
[Date "15.06.2017"]
[Round "8"]
[White "Vachier-Lagrave, Maxime"]
[Black "Kramnik, Vladimir"]
[Result "1-0"]
[WhiteTitle "GM"]
[BlackTitle "GM"]
[WhiteElo "2796"]
[BlackElo "2808"]
[WhiteFideId "623539"]
[BlackFideId "4101588"]
[EventDate "2017.06.06"]

1. e4 e5 2. Nf3 Nc6 3. Bb5 Nf6 4. d3 Bc5 5. c3 d5 6. exd5 Qxd5 7. Bc4 Qd6 8. b4
Bb6 9. a4 e4 10. dxe4 Qxd1+ 11. Kxd1 Nxe4 12. Kc2 Bf5 13. Nh4 Bd7 14. Re1 f5 15.
Nxf5 Bxf5 16. f3 Ne5 17. fxe4 Bg4 18. h3 Nxc4 19. hxg4 O-O 20. Re2 a5 21. Nd2
Ne3+ 22. Kb3 axb4 23. cxb4 Rfd8 24. Bb2 Rd3+ 25. Bc3 Bd4 26. Rc1 Nd1 27. Nb1
Nxc3 28. Nxc3 Be5 29. a5 Rg3 30. Rf2 c6 31. Rf3 Rxg4 32. Na4 Rxg2 33. Nc5 Rb2+
34. Kc4 Bd6 35. Rd1 Bxc5 36. Kxc5 Re8 37. Rd7 Re5+ 38. Kc4 h5 39. Rxb7 Rxe4+ 40.
Kc5 Rc2+ 41. Kd6 Rd4+ 42. Kc7 Ra2 43. Kxc6 h4 44. Rb6 Rg4 45. a6 Kh7 46. Rf5 Ra4
47. Rh5+ Kg6 48. Rxh4 1-0

[Event "Norway Chess"][Site "Stavanger"]
[Date "15.06.2017"]
[Round "8"]
[White "Aronian, Levon"]
[Black "Anand, Viswanathan"]
[Result "1/2-1/2"]
[WhiteTitle "GM"]
[BlackTitle "GM"]
[WhiteElo "2793"]
[BlackElo "2786"]
[WhiteFideId "13300474"]
[BlackFideId "5000017"]
[EventDate "2017.06.06"]

1. d4 Nf6 2. c4 e6 3. Nf3 d5 4. g3 Bb4+ 5. Bd2 Be7 6. Bg2 O-O 7. O-O Nbd7 8. a4
a5 9. Qc2 c6 10. Rc1 Ne4 11. Ne1 Nd6 12. Na3 b6 13. cxd5 cxd5 14. Qb3 Ba6 15.
Nb5 Rc8 16. Bf4 Bxb5 17. axb5 Nf5 18. Nf3 Bd6 19. Bxd6 Nxd6 20. e3 Rc7 21. Bf1
Qc8 22. Qd1 Rd8 23. Bd3 h6 24. Rxc7 Qxc7 25. Rc1 Qb7 26. Qa4 Rc8 27. Rc6 Ne8 28.
Bh7+ Kh8 29. Bb1 Kg8 30. Bh7+ Kh8 31. Bb1 Kg8 32. Bh7+ 1/2-1/2

[Event "Norway Chess"][Site "Stavanger"]
[Date "15.06.2017"]
[Round "8"]
[White "Giri, Anish"]
[Black "Caruana, Fabiano"]
[Result "1/2-1/2"]
[WhiteTitle "GM"]
[BlackTitle "GM"]
[WhiteElo "2771"]
[BlackElo "2808"]
[WhiteFideId "24116068"]
[BlackFideId "2020009"]
[EventDate "2017.06.06"]

1. d4 d5 2. c4 dxc4 3. Nf3 Nf6 4. e3 e6 5. Bxc4 c5 6. O-O a6 7. dxc5 Bxc5 8.
Qxd8+ Kxd8 9. Be2 Ke7 10. b3 b6 11. Nbd2 Nbd7 12. Ne1 a5 13. Bb2 Rd8 14. Rc1 Kf8
15. Nc4 Ba6 16. Nc2 Nd5 17. Rfd1 Nb4 18. a3 Nxc2 19. Rxc2 Nf6 20. Rdc1 Bxc4 21.
Rxc4 Rd2 22. R1c2 Rad8 23. Kf1 Ne4 24. Ke1 f6 25. Rxd2 Nxd2 26. Rc3 Ne4 27. Rd3
Nd6 28. Rd1 Ke7 29. Bd3 h6 30. Rb1 Rc8 31. Ke2 Rc7 32. f4 Nb7 33. b4 axb4 34.
axb4 Bxb4 35. Bxf6+ Kxf6 36. Rxb4 Nc5 37. Rxb6 Rb7 38. Rxb7 Nxb7 39. Kf3 Nd6 40.
Kg4 e5 41. h4 exf4 42. exf4 g6 43. h5 g5 44. fxg5+ hxg5 45. h6 Nf7 46. Kh5 Ne5
47. Bb5 Nf7 48. Bc4 Ne5 49. Bd5 Nd7 50. Be4 Ne5 51. h7 Kg7 52. Kxg5 Nf7+ 53. Kf4
Nh8 54. Bd3 Nf7 55. Bc2 Nh8 56. Ke5 Nf7+ 57. Kf4 Nh8 58. Bb1 Nf7 59. Bf5 Nh8 60.
Kg4 Nf7 61. Kg3 Nh8 62. Bc2 Nf7 63. Kf4 Nh8 64. Bd1 Ng6+ 65. Kg5 Ne5 66. Bc2
Nf7+ 67. Kf4 1/2-1/2